MyGZULibrary

Metatheories in educational theory and practice / (Record no. 1897)

MARC details
000 -LEADER
fixed length control field 01036cam a22002894a 4500
001 - CONTROL NUMBER
control field 226225
003 - CONTROL NUMBER IDENTIFIER
control field GZU
005 - DATE AND TIME OF LATEST TRANSACTION
control field 20201023095442.0
008 - FIXED-LENGTH DATA ELEMENTS--GENERAL INFORMATION
fixed length control field 990401s1998 sa a b 001 0 eng
010 ## - LIBRARY OF CONGRESS CONTROL NUMBER
LC control number 99192085
020 ## - INTERNATIONAL STANDARD BOOK NUMBER
International Standard Book Number 1868532518
040 ## - CATALOGING SOURCE
Original cataloging agency DLC
Transcribing agency DLC
042 ## - AUTHENTICATION CODE
Authentication code pcc
050 00 - LIBRARY OF CONGRESS CALL NUMBER
Classification number LB41
Item number .M612 1995
245 00 - TITLE STATEMENT
Title Metatheories in educational theory and practice /
Statement of responsibility, etc. editor, Philip Higgs.
260 ## - PUBLICATION, DISTRIBUTION, ETC.
Place of publication, distribution, etc. Sandton :
Name of publisher, distributor, etc. Heinemann ;
Place of publication, distribution, etc. Johannesburg :
Name of publisher, distributor, etc. [Distributed by] Thorold's Africana Books,
Date of publication, distribution, etc. 1995.
300 ## - PHYSICAL DESCRIPTION
Extent 299 p. :
Other physical details ill. ;
Dimensions 25 cm.
440 #0 - SERIES STATEMENT/ADDED ENTRY--TITLE
Title Heinemann philosophy of education series
500 ## - GENERAL NOTE
General note Distributor from label on p. [2] of cover.
504 ## - BIBLIOGRAPHY, ETC. NOTE
Bibliography, etc. note Includes bibliographical references and index.
650 #0 - SUBJECT ADDED ENTRY--TOPICAL TERM
Topical term or geographic name entry element Education
General subdivision Philosophy.
650 #0 - SUBJECT ADDED ENTRY--TOPICAL TERM
Topical term or geographic name entry element Critical pedagogy.
700 1# - ADDED ENTRY--PERSONAL NAME
Personal name Higgs, Philip.
906 ## - LOCAL DATA ELEMENT F, LDF (RLIN)
a 7
b cbc
c orignew
d 3
e ncip
f 19
g y-gencatlg
942 ## - ADDED ENTRY ELEMENTS (KOHA)
Source of classification or shelving scheme Library of Congress Classification
Koha item type Books
Classification part 1501
Item part HIG
Call number prefix LA
Holdings
Withdrawn status Lost status Source of classification or shelving scheme Damaged status Not for loan Collection code Home library Current library Shelving location Date acquired Total Checkouts Full call number Barcode Date last seen Copy number Price effective from Koha item type
    Library of Congress Classification     Non-fiction City Campus Library City Campus Library General Stacks 10/23/2020   LA 1501 HIG 1995 g19052 10/23/2020 C.1 10/23/2020 Books